000 00925nam a22002897a 4500
001 BR8702796
003 BR-BrBNA
005 20230928092532.0
007 ta
008 230509b bl.||||| |||| 00| 0 por d
040 _aBR-BrBNA
_bpor
_cBiblioteca Nacional de Agricultura
041 _a(Por)
072 _aM12; L01
_b8110
_b/G514
090 _ 8110 BR8702796
100 1 _aSilva, N.R. da
110 1 _aAssociacao de Credito e Assistencia Pesqueira de Santa Catarina, Florianopolis (Brasil)
_9414
245 1 _aTreinamento de produtores de alevinos a nivel de propriedade rural em Santa Catarina [Brasil]
260 3 _aFlorianopolis, SC (Brasil):
_c1986.
300 _a15 p.
500 _a(*) Documento disponível no(a) CEAGRI, Florianopolis, SC (Brazil)
650 _aCARPA
650 _aCRIACAO
650 _aTREINAMENTO
650 _aSANTA CATARINA
909 _a202309
_bLucia
_c55
_dLucia Elande
942 _cBK
999 _c39669
_d39669